000 03711nam a22010697a 4500
020 _a978-93-5275-555-4
082 _a823
_bSTI/G
100 _aSTILTON, GERONIMO
245 _aGERONIMO STILTON
246 _aGERONIMO ON ICE
246 _aPAWS OFF, CHEDDARFACE
246 _aTHE TEMPLE OF THE RUBY OF FIRE
246 _aTHEA STILTON AND THE SECRET CITY
246 _aRUN FOR THE HILLS, GERONIMO
246 _aTHE CURSE OF THE CHEESE PYRAMID
246 _aTHE CHEESE EXPERIMENT
246 _aTHE MYSTERY IN VENICE
246 _aTHE ENORMOUSE PEARL HEIST
246 _aTHIS HOTEL IS HAUNTED
246 _aSPACEMICE
246 _aTHE FAST AND THE FROZEN
246 _aAROUND THE WORLD IN EIGHTY DAYS
246 _aFLIGHT OF THE RED RABDIT
246 _aI'M TOO FOND OF MY FUR
246 _aTHE WIZARD'S WAND
246 _aMICEKINGS, STAY STRONG GERONIMO
246 _aFOUR MICE DEEP IN THE JUNGLE
246 _aCAVEMICE-DON'T WAKE THE DINOSAUR
246 _aCREEPELLA VON CACKLEFUR - THE PHANTOM OF THE THEATER
246 _aTHE TREASURE OF EASTER ISLAND
246 _aSPACE MICE PIRATE SPACECAT ATTACK
246 _aDOWN AND OUT DOWN UNDER
246 _aTHE SUPER CHEF CONTEST
246 _aLOST TREASURE OF THE EMRALD EYE
246 _aSPACEMICE RESCUE REBELLION
246 _aTHE KARATE MOUSE
246 _aTHE FAMOUS FJORD RACE
246 _aYOU'RE MINE CAPTAIN
246 _aTHE SECRET OF CACKLEFUR CASTLE
246 _aPAWS OFF, CHEDDARFACE
246 _aI'M A SCAREDY MOUSE
246 _aVALLEY OF THE GIANT SKELETONS
246 _aTHE MONA MOUSA CODE
246 _aMOUSE IN SPACE
246 _aHUG A TREE, GERONIMO
246 _aRED PIZZAS FOR A BLUE COUNT
246 _aHEROMICE CHARGE OF THE CLONES
246 _aIT'S HALLOWEEN, YOU'FRAIDY MOUSE
246 _aATTACK OF THE BANDIT CATS
246 _aFIELD TRIP TO NIAGARA FALLS
246 _aTHE HAWAIIAN HEIST
246 _aTH SECRET OF CACKLEFUR CASTE
246 _aA FABUMOUSE SCHOOL ADVENTURE
246 _aTHE RACE ACROSS AMERICA
246 _aCAVEMICE SURFIND FOR SECRETS
246 _aSPACE MICE, THE GALACTIC GOAL
246 _aRUMBLE IN THE JUNGLE
246 _aTHE CURSE OF THE CHEESE PYRAMID
246 _aGET INTO GEAR, STILTON
246 _aI'M TOO FOND OF MY FUR
246 _aALL BECAUSE OF A CUP OF COFFEE
246 _aTHEA STILTON AND THE ICE TREASURE
246 _aTHE AMAZING VOYAGE
246 _aTHEA STILTON AND THE LOST LETTERS
246 _aSPACEMICE, YOU'RE MINE, CAPTAIN
246 _aTHE SECOND JOURNEY THROUGH TIME
246 _aSPACEMICE AWAY IN A STAR SLED
246 _aBOLLYWOOD BURGLARY
246 _aTHEA STILTON AND THE DRAGON'S CODE
246 _aTHEA STILTON AND THE GREAT TULIP HEIST
246 _aTHEA STILTON AND THE CHERRY BLOSSOM ADVENTURE
246 _aMOUSEFORD ACADEMY DRAMA AT MOUSEFORD
246 _aMOUSEFORD ACADEMY THE SECRET INVENTION
246 _aTHEA ATILTON AND THE PRINCE'S EMERALD
246 _aTHEA STILTON AND THE MISSING MYTH
246 _aTHE TREASURE OF THE SEA
246 _aTHEA STILTON AND THE DRAGON'S CODE
246 _aI'M A SCAREDY MOUSE
246 _aTHEA STILTON BIG TROUBLE I THE BIG APPLE
246 _aTHEA STILTON AND THE SECRET OF THE OLD CASTLE
246 _aCAVEMICE THE STONE OF FIRE
246 _aTHE QUEST FOR PARADISE
246 _aLOST TREASURE OF THE EMERALD EYE
246 _aWELCOME TO MOLDY MANOR
246 _aCHRISTMAS CATASTROPHE
246 _aTHE THIRTEEN GHOSTS
246 _aWHO STOLE THE MONA LISA?
300 _a106
520 _aSHORT STORY OF MOUSE
650 _aSHORT STORY OF MOUSE
942 _cBK
999 _c3731
_d3731